Apatite-based inorganic-organic particles for biomedical applications (notice n° 1784421)
[ vue normale ]
| 000 -LEADER | |
|---|---|
| fixed length control field | 00559cam a2200169 4500500 |
| 005 - DATE AND TIME OF LATEST TRANSACTION | |
| control field | 20260322013902.0 |
| 041 ## - LANGUAGE CODE | |
| Language code of text/sound track or separate title | fre |
| 042 ## - AUTHENTICATION CODE | |
| Authentication code | dc |
| 100 10 - MAIN ENTRY--PERSONAL NAME | |
| Personal name | Guérin, Mathilde |
| Relator term | author |
| 245 00 - TITLE STATEMENT | |
| Title | Apatite-based inorganic-organic particles for biomedical applications |
| 260 ## - PUBLICATION, DISTRIBUTION, ETC. | |
| Date of publication, distribution, etc. | 2026.<br/> |
| 500 ## - GENERAL NOTE | |
| General note | 4 |
| 700 10 - ADDED ENTRY--PERSONAL NAME | |
| Personal name | Subra, Gilles |
| Relator term | author |
| 700 10 - ADDED ENTRY--PERSONAL NAME | |
| Personal name | Drouet, Christophe |
| Relator term | author |
| 786 0# - DATA SOURCE ENTRY | |
| Note | Healthcare technologies | - | 2026-03-05 | p. 4-4 |
| 856 41 - ELECTRONIC LOCATION AND ACCESS | |
| Uniform Resource Identifier | <a href="https://stm.cairn.info/biomaterials--bdti42606210-in198-page-4?lang=en&redirect-ssocas=7080">https://stm.cairn.info/biomaterials--bdti42606210-in198-page-4?lang=en&redirect-ssocas=7080</a> |
Pas d'exemplaire disponible.




Réseaux sociaux